The Ghana law reports1976 volume 2: (Record no. 4045)
[ view plain ]
| 000 -LEADER | |
|---|---|
| fixed length control field | 00691nam a22001937a 4500 |
| 003 - CONTROL NUMBER IDENTIFIER | |
| control field | OSt |
| 005 - DATE AND TIME OF LATEST TRANSACTION | |
| control field | 20230719134851.0 |
| 008 - FIXED-LENGTH DATA ELEMENTS--GENERAL INFORMATION | |
| fixed length control field | 140902b xxu||||| |||| 00| 0 eng d |
| 022 ## - INTERNATIONAL STANDARD SERIAL NUMBER | |
| International Standard Serial Number | 0072436X |
| 040 ## - CATALOGING SOURCE | |
| Transcribing agency | WIUC |
| 050 ## - LIBRARY OF CONGRESS CALL NUMBER | |
| Classification number | KRX19.A3.G34 |
| 245 ## - TITLE STATEMENT | |
| Title | The Ghana law reports1976 volume 2: |
| Remainder of title | cases determined by the high court and the court of Appeal of the republic of Ghana. / |
| Statement of responsibility, etc. | edited by E. Kofi Tetteh and assisted by Janet Daniels and S.Y. Bimpong-Buta |
| 260 ## - PUBLICATION, DISTRIBUTION, ETC. | |
| Place of publication, distribution, etc. | Accra: |
| Name of publisher, distributor, etc. | Council for law reporting, |
| Date of publication, distribution, etc. | 1976. |
| 300 ## - PHYSICAL DESCRIPTION | |
| Extent | xxxvi, 531p. |
| Dimensions | 25cm. |
| 440 ## - SERIES STATEMENT/ADDED ENTRY--TITLE | |
| Volume/sequential designation | Vol. 2 |
| 500 ## - GENERAL NOTE | |
| General note | Includes index |
| 800 ## - SERIES ADDED ENTRY--PERSONAL NAME | |
| Personal name | Tetteh, E. Kofi |
| -- | Daniels, Janet |
| -- | Bimpong-Buta, S.Y. |
| 9 (RLIN) | 2124 |
| 942 ## - ADDED ENTRY ELEMENTS (KOHA) | |
| Source of classification or shelving scheme | Library of Congress Classification |
| Koha item type | Books |
| Withdrawn status | Lost status | Source of classification or shelving scheme | Damaged status | Not for loan | Home library | Current library | Shelving location | Date acquired | Full call number | Barcode | Date last seen | Copy number | Price effective from | Koha item type | Total Checkouts |
|---|---|---|---|---|---|---|---|---|---|---|---|---|---|---|---|
| Library of Congress Classification | WISCONSIN INTERNATIONAL UNIVERSITY COLLEGE, GHANA - MAIN LIBRARY | WISCONSIN INTERNATIONAL UNIVERSITY COLLEGE, GHANA - MAIN LIBRARY | Law Library | 02/09/2014 | KRX19.A3.G34(1976 vol 2) | 923/13 | 02/09/2014 | 1 | 02/09/2014 | Books | |||||
| Library of Congress Classification | WISCONSIN INTERNATIONAL UNIVERSITY COLLEGE, GHANA - MAIN LIBRARY | WISCONSIN INTERNATIONAL UNIVERSITY COLLEGE, GHANA - MAIN LIBRARY | Law Library | 02/09/2014 | KRX19.A3.G341(1976 vol 2) | 967/13 | 02/09/2014 | 2 | 02/09/2014 | Books | |||||
| Library of Congress Classification | WISCONSIN INTERNATIONAL UNIVERSITY COLLEGE, GHANA - MAIN LIBRARY | WISCONSIN INTERNATIONAL UNIVERSITY COLLEGE, GHANA - MAIN LIBRARY | Law Library | 19/07/2023 | KRX19.A3.G342(1976 vol.2) | 3189/349/23 | 19/07/2023 | 3 | 19/07/2023 | Books | |||||
| Library of Congress Classification | WISCONSIN INTERNATIONAL UNIVERSITY COLLEGE, GHANA - MAIN LIBRARY | WISCONSIN INTERNATIONAL UNIVERSITY COLLEGE, GHANA - MAIN LIBRARY | Law Library | 18/09/2023 | KRX19.A3.G343(1976 vol.2) | 3314/422/23 | 18/09/2023 | 4 | 18/09/2023 | Books |
